Central Library || Chittagong University

Elements of dynamic Optimization (Record no. 86927)

MARC details
000 -LEADER
fixed length control field 00619nam a2200229 a 4500
001 - CONTROL NUMBER
control field 086927
003 - CONTROL NUMBER IDENTIFIER
control field BD-ChCU
005 - DATE AND TIME OF LATEST TRANSACTION
control field 20230204165749.0
008 - FIXED-LENGTH DATA ELEMENTS--GENERAL INFORMATION
fixed length control field 2012s2016 aii b 003 eng
020 ## - INTERNATIONAL STANDARD BOOK NUMBER
International Standard Book Number 978 93 80663 37 1
040 ## - CATALOGING SOURCE
Original cataloging agency DLC
Transcribing agency DLC
Modifying agency BD-ChCU
082 00 - DEWEY DECIMAL CLASSIFICATION NUMBER
Classification number 519.6/C532c
100 1# - MAIN ENTRY--PERSONAL NAME
Personal name Chiang Alpha C.
Titles and words associated with a name
245 10 - TITLE STATEMENT
Title Elements of dynamic Optimization
Statement of responsibility, etc.
-- Alpha C. Chiang
250 ## - EDITION STATEMENT
Edition statement 1st ed.
260 ## - PUBLICATION, DISTRIBUTION, ETC.
Place of publication, distribution, etc. Kolkota
Date of publication, distribution, etc. Levant Books
-- 2012
300 ## - PHYSICAL DESCRIPTION
Extent 327pg.
504 ## - BIBLIOGRAPHY, ETC. NOTE
Bibliography, etc. note Includes index(P323-327) and bibliography.
650 #0 - SUBJECT ADDED ENTRY--TOPICAL TERM
Topical term or geographic name entry element Optimization
Location of event Mathematics
700 1# - ADDED ENTRY--PERSONAL NAME
Personal name
942 ## - ADDED ENTRY ELEMENTS (KOHA)
Source of classification or shelving scheme Dewey Decimal Classification
Koha item type Books
Holdings
Withdrawn status Lost status Source of classification or shelving scheme Damaged status Not for loan Home library Current library Date acquired Source of acquisition Total Checkouts Full call number Barcode Date last seen Copy number Price effective from Koha item type Public note
    Dewey Decimal Classification     Chittagong University Library Chittagong University Library 02/07/2016 Purchase   519.6/C532c 301350 02/10/2016 01 02/07/2016 Books -
    Dewey Decimal Classification     Chittagong University Library Chittagong University Library 02/07/2016 Purchase   519.6/C532c 301351 02/07/2016 02 02/07/2016 Books -
    Dewey Decimal Classification     Chittagong University Library Chittagong University Library 02/07/2016 Purchase   519.6/C532c 301352 02/07/2016 03 02/07/2016 Books -
© Copyright 2026. Chittagong University Library, Installation and Maintenance by Prof. Dr. Md. Alamgir, 01711306253